Prerušenie, vylúčenie, úľavy a zánik povinnosti zamestnanca platiť odvody v roku 2017
Výpočet a účtovanie odvodov zamestnancov.
Enregistré dans:
| Auteur principal: | |
|---|---|
| Format: | Chapitre de livre |
| Langue: | slovaque |
| Sujets: | |
| Tags: |
Pas de tags, Soyez le premier à ajouter un tag!
|
MARC
| LEADER | 00000naa a2200000 4500 | ||
|---|---|---|---|
| 001 | 0231152 | ||
| 005 | 20240502073802.5 | ||
| 041 | 0 | |a slo | |
| 044 | |a SK | ||
| 245 | 1 | 0 | |a Prerušenie, vylúčenie, úľavy a zánik povinnosti zamestnanca platiť odvody v roku 2017 |c Renáta Pakšiová |
| 520 | |a Výpočet a účtovanie odvodov zamestnancov. | ||
| 610 | 2 | 0 | |a zamestnanci |
| 610 | 2 | 0 | |a odvody |
| 610 | 2 | 0 | |a účtovanie |
| 610 | 2 | 0 | |a úpravy právne |
| 610 | 2 | 0 | |a Slovensko |
| 100 | 1 | |a Pakšiová, Renáta, 1974- | |